MARC details
| 000 -CABECERA |
| campo de control de longitud fija |
00980nam a2200205 a 4500 |
| 001 - NÚMERO DE CONTROL |
| campo de control |
000031160 |
| 005 - FECHA Y HORA DE LA ÚLTIMA TRANSACCIÓN |
| campo de control |
20200930062737.0 |
| 008 - DATOS DE LONGITUD FIJA--INFORMACIÓN GENERAL |
| campo de control de longitud fija |
110614s1997 dr ac 001 0 spa d |
| 040 ## - FUENTE DE LA CATALOGACIÓN |
| Centro catalogador/agencia de origen |
DO-SdBNP |
| Lengua de catalogación |
spa |
| Centro/agencia transcriptor |
BNPHU |
| 082 ## - NÚMERO DE LA CLASIFICACIÓN DECIMAL DEWEY |
| Número de clasificación |
720 |
| Número de documento/Ítem |
S471e |
| 111 2# - ENTRADA PRINCIPAL--NOMBRE DE CONGRESO/REUNIÓN |
| Nombre de congreso/reunión o jurisdicción como elemento de entrada |
Seminario Erwin Walter Palm de arquitectura y urbanismo de América Latina y el Caribe |
| Número del congreso/reunión o número de parte o sección |
(3º: |
| Fecha del congreso/reunión |
1997: |
| Sede del congreso/Lugar de la reunión |
Santo Domingo, República Dominicana) |
| 9 (RLIN) |
57636 |
| 245 10 - MENCIÓN DE TÍTULO |
| Título |
Erwin Walter Palm en entorno al entorno común : |
| Resto del título |
intenciones, referencias y autoreferencias en la arquitectura de América y el Caribe, memorias. |
| 260 ## - PUBLICACIÓN, DISTRIBUCIÓN, ETC. |
| Lugar de publicación, distribución, etc. |
Santo Domingo : |
| Nombre del editor, distribuidor, etc. |
Fundación Cultural Erwin Walter Palm, |
| Fecha de publicación, distribución, etc. |
1997. |
| 300 ## - DESCRIPCIÓN FÍSICA |
| Extensión |
127 p. : |
| Otras características físicas |
il., retrs. ; |
| Dimensiones |
26 p. |
| 590 ## - NOTA LOCAL (RLIN) |
| Nota local |
Inventariado, 2018/LP |
| 600 14 - PUNTO DE ACCESO ADICIONAL DE MATERIA--NOMBRE DE PERSONA |
| Nombre de persona |
PALM, ERWIN WALTER, |
| Fechas asociadas al nombre |
1910-1988 |
| 9 (RLIN) |
54377 |
| 650 #4 - PUNTO DE ACCESO ADICIONAL DE MATERIA--TÉRMINO DE MATERIA |
| Término de materia o nombre geográfico como elemento de entrada |
Arquitectura latinoamericana |
| Subdivisión general |
Congresos, conferencias, etc. |
| 9 (RLIN) |
57637 |
| 650 #4 - PUNTO DE ACCESO ADICIONAL DE MATERIA--TÉRMINO DE MATERIA |
| Término de materia o nombre geográfico como elemento de entrada |
Urbanismo |
| Subdivisión geográfica |
América Latina |
| Subdivisión general |
Congresos, conferencias, etc. |
| 9 (RLIN) |
57638 |
| 910 ## - DATOS DE OPCIÓN DEL USUARIO (OCLC) |
| Datos de opción del usuario |
Validado. Control de calidad EMS |